Central Library OPAC University of Rajshahi

Artificial Intelligence / (Record no. 280)

MARC details
000 -LEADER
fixed length control field 00743nam a2200253 a 4500
001 - CONTROL NUMBER
control field 280
003 - CONTROL NUMBER IDENTIFIER
rucl marc code BD-RjUL
005 - DATE AND TIME OF LATEST TRANSACTION
control field 20211208233140.0
008 - FIXED-LENGTH DATA ELEMENTS--GENERAL INFORMATION
fixed length control field 131117s1990 ii a ||| |||| 001 0 eng d
020 ## - INTERNATIONAL STANDARD BOOK NUMBER
International Standard Book Number 0074600818 :
035 ## - SYSTEM CONTROL NUMBER
System control number (BD-RjUL)297
040 ## - CATALOGING SOURCE
Original cataloging agency BD-RjUL
Language of cataloging eng
Transcribing agency BD-RjUL
Modifying agency BD-RjUL
041 ## - LANGUAGE CODE
Language code of text/sound track or separate title eng
082 ## - DEWEY DECIMAL CLASSIFICATION NUMBER
Edition number 23
Classification number 006.3
Author mark and year RIA 2005
100 1# - MAIN ENTRY--PERSONAL NAME
Personal name Rich, Elainc
9 (RLIN) 911
245 10 - TITLE STATEMENT
Title Artificial Intelligence /
Statement of responsibility, etc. Rich Elaine ; Kevin Knight
250 ## - EDITION STATEMENT
Edition statement 2nd ed.
260 ## - PUBLICATION, DISTRIBUTION, ETC. (IMPRINT)
Place of publication, distribution, etc. New Delhi :
Name of publisher, distributor, etc. tata McGraw-Hill publishing company Lit,
Date of publication, distribution, etc. c1991 [Reprint 2004-2005].
300 ## - PHYSICAL DESCRIPTION
Pagination xv, 620p. :
Illustrations ill. ;
Size 23 cm.
500 ## - GENERAL NOTE
General note Includes index
650 #7 - SUBJECT ADDED ENTRY--TOPICAL TERM
Source of heading or term SLSH
Topical term or geographic name as entry element Artificial intelligence.
9 (RLIN) 887
700 1# - ADDED ENTRY--PERSONAL NAME
Personal name Knight, Kevin
942 ## - ADDED ENTRY ELEMENTS (KOHA)
Source of classification or shelving scheme Dewey Decimal Classification
Koha item type Books
Holdings
Lost status Source of classification or shelving scheme Damaged status Not for loan Collection code Permanent Location Current Location Shelving location Date acquired Source of acquisition Cost, normal purchase price Total Checkouts Full call number Date last seen Copy number Koha item type Date checked out
  Dewey Decimal Classification     Non-fiction Central Library, University of Rajshahi Central Library, University of Rajshahi   01/06/2006 Paragon enter prises 245.00   006.3 RIA 1991 17/11/2013 C-3 Books  
  Dewey Decimal Classification     Non-fiction Central Library, University of Rajshahi Central Library, University of Rajshahi   01/06/2006 Paragon enter prises 245.00   006.3 RIA 1991 17/11/2013 C-4 Books  
  Dewey Decimal Classification     Non-fiction Central Library, University of Rajshahi Central Library, University of Rajshahi   01/06/2006 Paragon enter prises 245.00 1 006.3 RIA 2005 24/02/2019 C-5 Books 12/02/2019
  Dewey Decimal Classification     Non-fiction Central Library, University of Rajshahi Central Library, University of Rajshahi   09/03/2006 Dhaka,Paragon Enterprise Lit., 245.00   006.3 RIA 2004 12/11/2016 C-2 Books  
  Dewey Decimal Classification   Not For Loan Non-fiction Central Library, University of Rajshahi Central Library, University of Rajshahi Reading Room 08/12/2021 Paragon enterprises ltd., Dhaka 245.00   006.3 RIA 2005 16/03/2017 C-1 Books